[Event "7. LGA Premium Cup"]
[Site "Nürnberg"]
[Date "2010.09.02"]
[Round "1.52"]
[White "Ortpaul, Mario"]
[Black "Lauer, Moritz"]
[Result "0-1"]
[WhiteElo "1958"]
[BlackElo "2298"]
[PlyCount "60"]
[EventDate "2010.09.02"]
[WhiteTeam "Schachklub Halle 1946 e.V."]
[BlackTeam "SV Puschendorf"]

1. Nf3 Nf6 2. d4 e6 3. Bf4 b5 4. e3 a6 5. Nbd2 Bb7 6. c4 bxc4 7. Bxc4 Be7 8. h3
O-O 9. O-O c5 10. dxc5 Bxc5 11. Rc1 d5 12. Be2 Nbd7 13. Ne5 Rc8 14. Ndf3 Qb6
15. b4 Be7 16. Qa4 Nb8 17. Bd3 Rfd8 18. a3 Ne4 19. Rxc8 Rxc8 20. Nd7 Qc6 21.
Qxc6 Nxc6 22. Nb6 Re8 23. Rc1 Bd8 24. Bxa6 Bxa6 25. Rxc6 Bb7 26. Rc8 Bxc8 27.
Nxc8 f6 28. Nd6 Re7 29. Nb5 e5 30. Bh2 Rb7 0-1

[Event "7. LGA Premium Cup"]
[Site "Nürnberg"]
[Date "2010.09.02"]
[Round "1.54"]
[White "Adelhütte, Dennis"]
[Black "Menacher, Manfred"]
[Result "0-1"]
[WhiteElo "1942"]
[BlackElo "2290"]
[PlyCount "80"]
[EventDate "2010.09.02"]
[WhiteTeam "SC Erlangen 48/88"]
[BlackTeam "SK Kelheim 1920"]

1. e4 c5 2. Nf3 e6 3. d4 cxd4 4. Nxd4 a6 5. c4 Qc7 6. Nc3 Nf6 7. Bd3 Nc6 8.
Nxc6 dxc6 9. O-O e5 10. a3 Be6 11. Bg5 Be7 12. Qe2 O-O 13. b4 Rad8 14. Rfd1 a5
15. Rab1 axb4 16. axb4 Ng4 17. Bxe7 Qxe7 18. h3 Nf6 19. c5 Rd4 20. Qe3 Rfd8 21.
Ne2 R4d7 22. Nc3 Nh5 23. b5 Nf4 24. Bf1 h6 25. Rxd7 Rxd7 26. bxc6 bxc6 27. Rb8+
Kh7 28. Rc8 Qg5 29. g4 Rd3 30. Bxd3 Bxc8 31. Bf1 h5 32. Qg3 hxg4 33. f3 Nh5 34.
Qf2 gxf3+ 35. Kh2 Qf4+ 36. Kg1 Ng3 37. Nd1 Nxf1 38. Qxf1 Qg3+ 39. Kh1 Bxh3 40.
Qg1 Bg2+ 0-1

[Event "7. LGA Premium Cup"]
[Site "Nürnberg"]
[Date "2010.09.02"]
[Round "1.56"]
[White "Thürauf, Peter"]
[Black "Afek, Yochanan"]
[Result "0-1"]
[WhiteElo "1920"]
[BlackElo "2269"]
[PlyCount "52"]
[EventDate "2010.09.02"]
[WhiteTeam "SW Nürnberg Süd e.V."]
[BlackTeam "Hamburger SK von 1830 eV"]

1. d4 Nf6 2. Nf3 g6 3. g3 Bg7 4. Bg2 O-O 5. O-O d6 6. c4 Nc6 7. Nc3 Rb8 8. h3
a6 9. Be3 b5 10. cxb5 axb5 11. Rc1 Bd7 12. Nd2 e5 13. dxe5 Nxe5 14. Ba7 Ra8 15.
Be3 b4 16. Nce4 Be6 17. Nxf6+ Bxf6 18. Bxa8 Qxa8 19. Kh2 c5 20. f4 Nd7 21. f5
Bxf5 22. Nc4 d5 23. Nd6 Be6 24. Bxc5 Nxc5 25. Rxf6 Nd7 26. Qd4 Qa6 0-1

[Event "7. LGA Premium Cup"]
[Site "Nürnberg"]
[Date "2010.09.02"]
[Round "1.57"]
[White "Scheremet, Michael"]
[Black "Sha, Siyu"]
[Result "1-0"]
[WhiteElo "2266"]
[BlackElo "1918"]
[PlyCount "75"]
[EventDate "2010.09.02"]
[WhiteTeam "SC Noris-Tarrasch Nürnberg 1873"]
[BlackTeam "SC Noris-Tarrasch Nürnberg 1873"]

1. d4 Nf6 2. Nf3 g6 3. g3 Bg7 4. Bg2 O-O 5. O-O d6 6. c4 c5 7. d5 Na6 8. Nc3
Bd7 9. e4 Nc7 10. a4 a6 11. a5 Rb8 12. e5 Ng4 13. exd6 exd6 14. Bf4 Ne8 15. h3
Ne5 16. Nxe5 Bxe5 17. Bxe5 dxe5 18. Qe2 Nd6 19. Qxe5 Nxc4 20. Qf4 Nxa5 21. Ne4
Nb3 22. Qh6 f6 23. Ra3 Qb6 24. h4 Nd4 25. h5 Nf5 26. Qd2 gxh5 27. Qf4 Rbd8 28.
d6 Qxb2 29. Rc3 b6 30. Kh1 Kh8 31. Rd1 Nd4 32. Rcd3 a5 33. Qh6 Ne6 34. R3d2 Qb4
35. Nxf6 Rxf6 36. Qxf6+ Kg8 37. Bd5 Rf8 38. Bxe6+ 1-0

[Event "7. LGA Premium Cup"]
[Site "Nürnberg"]
[Date "2010.09.02"]
[Round "1.59"]
[White "Schöneberg, Manfred"]
[Black "Madlo-Thiess, Franziska"]
[Result "1-0"]
[WhiteElo "2263"]
[BlackElo "1906"]
[PlyCount "69"]
[EventDate "2010.09.02"]
[WhiteTeam "SV Lok Leipzig-Mitte"]
[BlackTeam "SC Erlangen 48/88"]

1. e4 e6 2. d4 d5 3. Nc3 Nf6 4. Bg5 Bb4 5. e5 h6 6. Bd2 Bxc3 7. bxc3 Ne4 8. Bd3
Nxd2 9. Qxd2 c5 10. Nf3 Nc6 11. a4 b6 12. Bb5 Bd7 13. O-O O-O 14. Rfd1 Na5 15.
dxc5 Bxb5 16. axb5 Nc4 17. Qd4 bxc5 18. Qxc5 Qb8 19. Re1 Rc8 20. Qb4 Nb6 21.
Ra3 Rc4 22. Qb3 Nd7 23. Nd4 Nxe5 24. Rea1 Ng4 25. g3 e5 26. Nc6 Qb6 27. Rf1 Rc5
28. Ne7+ Kh7 29. Nxd5 Qb7 30. c4 Rac8 31. Qf3 Qd7 32. Rd1 Qe6 33. Ra6 e4 34.
Qf4 g5 35. Qxg4 1-0

[Event "7. LGA Premium Cup"]
[Site "Nürnberg"]
[Date "2010.09.02"]
[Round "1.60"]
[White "Mehringer, Jörg"]
[Black "Sobolevsky, Leonid"]
[Result "0-1"]
[WhiteElo "1904"]
[BlackElo "2252"]
[PlyCount "66"]
[EventDate "2010.09.02"]
[WhiteTeam "SC Weisse Dame e.V."]
[BlackTeam "Schachzirkel Elstertal Langenber"]

1. e4 c5 2. d4 cxd4 3. c3 dxc3 4. Nxc3 e6 5. Bc4 d6 6. Nf3 Nc6 7. O-O Be7 8.
Qe2 Nf6 9. Rd1 e5 10. h3 h6 11. a3 O-O 12. b4 a6 13. Be3 Be6 14. Bxe6 fxe6 15.
Qc4 Qd7 16. Rac1 Nh5 17. a4 Rac8 18. Qb3 Nf4 19. b5 Na5 20. Qa2 Nxh3+ 21. Kf1
Rxf3 22. gxf3 Ng5 23. f4 exf4 24. Bxf4 Kh8 25. e5 d5 26. bxa6 bxa6 27. Ne2 Rf8
28. Kg2 Qe8 29. Bg3 Qh5 30. Ng1 Nc4 31. Qe2 Qg6 32. Qg4 h5 33. Qh4 Ne4 0-1

[Event "7. LGA Premium Cup"]
[Site "Nürnberg"]
[Date "2010.09.02"]
[Round "1.61"]
[White "Baskin, Robert"]
[Black "Nuber, Blasius"]
[Result "0-1"]
[WhiteElo "1870"]
[BlackElo "2243"]
[PlyCount "68"]
[EventDate "2010.09.02"]
[WhiteTeam "SAbt TuS Makkabi Ffm"]
[BlackTeam "SC Dillingen"]

1. e4 Nf6 2. e5 Nd5 3. d4 d6 4. Bc4 Nb6 5. Bb3 Nc6 6. exd6 cxd6 7. c3 g6 8. Nf3
Bg7 9. O-O O-O 10. Bg5 Qc7 11. Nbd2 Bf5 12. Nc4 Nxc4 13. Bxc4 h6 14. Be3 Kh7
15. Be2 e5 16. d5 Ne7 17. c4 Bd7 18. Rc1 Nf5 19. Bd3 Nxe3 20. fxe3 Qb6 21. Kh1
Qxe3 22. Re1 Qc5 23. Qd2 a5 24. Qe3 Qxe3 25. Rxe3 f5 26. Nd2 e4 27. Be2 Bxb2
28. Rb1 Bd4 29. Reb3 Bc8 30. Rb5 b6 31. Nf1 Ba6 32. R5b3 Rac8 33. Ne3 Bxe3 34.
Rxe3 Bxc4 0-1

[Event "7. LGA Premium Cup"]
[Site "Nürnberg"]
[Date "2010.09.02"]
[Round "1.64"]
[White "Kordts, Wolfgang"]
[Black "Walter, Manfred"]
[Result "1-0"]
[WhiteElo "2237"]
[BlackElo "1825"]
[PlyCount "57"]
[EventDate "2010.09.02"]
[WhiteTeam "SC Postbauer-Heng e.V"]
[BlackTeam "SV Lauf a.d.P."]

1. d4 d6 2. Nf3 Nf6 3. c4 Nbd7 4. Nc3 e5 5. e4 Be7 6. Be2 O-O 7. O-O c6 8. Re1
Re8 9. Bf1 Bf8 10. Rb1 Qc7 11. b4 exd4 12. Nxd4 c5 13. Nc2 cxb4 14. Nxb4 Nb6
15. Nbd5 Nfxd5 16. Nxd5 Nxd5 17. cxd5 f5 18. Bd3 fxe4 19. Bxe4 Rxe4 20. Rxe4
Bf5 21. Rbb4 Bxe4 22. Rxe4 Rc8 23. Be3 a6 24. a4 g6 25. g3 Bg7 26. Qb3 Bc3 27.
Bg5 Be5 28. Rxe5 dxe5 29. d6+ 1-0

[Event "7. LGA Premium Cup"]
[Site "Nürnberg"]
[Date "2010.09.02"]
[Round "1.65"]
[White "Balhar, Michael"]
[Black "Promyshlyanskiy, Vitaliy"]
[Result "0-1"]
[WhiteElo "1812"]
[BlackElo "2237"]
[PlyCount "50"]
[EventDate "2010.09.02"]
[WhiteTeam "SC Erlangen 48/88"]
[BlackTeam "SC Noris-Tarrasch Nürnberg 1873"]

1. e4 Nc6 2. Nf3 d6 3. d4 Nf6 4. Nc3 Bg4 5. Be3 g6 6. Bc4 Bg7 7. Qd2 e5 8. dxe5
dxe5 9. Qxd8+ Rxd8 10. Ng5 Rf8 11. Bc5 Ne7 12. h3 Bd7 13. Nf3 Bc6 14. Nd2 Bh6
15. Nf3 Nxe4 16. Nxe4 Bxe4 17. Bb3 b6 18. Bb4 c5 19. Bc3 f6 20. Rd1 Nd5 21. Bd2
Nf4 22. Ba4+ Ke7 23. Bxf4 Bxf4 24. Ke2 Bd5 25. b3 Be4 0-1

[Event "7. LGA Premium Cup"]
[Site "Nürnberg"]
[Date "2010.09.02"]
[Round "1.67"]
[White "Grasser, Stefan"]
[Black "Schuster, Karsten"]
[Result "0-1"]
[WhiteElo "1800"]
[BlackElo "2226"]
[PlyCount "100"]
[EventDate "2010.09.02"]
[WhiteTeam "SV Hellern"]
[BlackTeam "SC Gröbenzell"]

1. d4 Nf6 2. Nf3 e6 3. Bf4 b6 4. e3 Bb7 5. Be2 Be7 6. O-O O-O 7. c4 d6 8. Nc3
Ne4 9. Nxe4 Bxe4 10. Nd2 Bb7 11. f3 Nd7 12. Bg3 f5 13. Rc1 e5 14. Bf2 Kh8 15.
Bd3 Qe8 16. e4 exd4 17. Bxd4 Bf6 18. Nb3 fxe4 19. Bxe4 Bxe4 20. Re1 Bxf3 21.
Rxe8 Bxd1 22. Rxa8 Rxa8 23. Rxd1 Re8 24. Bxf6 Nxf6 25. Kf1 Ng4 26. Rd4 h5 27.
h3 Nf6 28. Nd2 g6 29. Kf2 Kg7 30. Kf3 Re1 31. Rd3 a5 32. a3 Nd7 33. Re3 Ne5+
34. Ke4 Rxe3+ 35. Kxe3 Kf6 36. Ke4 Ke6 37. Kd4 c5+ 38. Ke4 a4 39. Kf4 d5 40.
cxd5+ Kxd5 41. Kg5 b5 42. Nf3 b4 43. Nxe5 Kxe5 44. Kxg6 bxa3 45. bxa3 c4 46.
Kxh5 c3 47. g4 c2 48. g5 c1=Q 49. h4 Qxa3 50. g6 Qg3 0-1

[Event "7. LGA Premium Cup"]
[Site "Nürnberg"]
[Date "2010.09.02"]
[Round "1.69"]
[White "Schweisgut, Jens"]
[Black "Böhle, Lars"]
[Result "0-1"]
[WhiteElo "1790"]
[BlackElo "2222"]
[PlyCount "46"]
[EventDate "2010.09.02"]
[WhiteTeam "SV Alsfeld"]
[BlackTeam "Schachgesellschaft Bochum 1931"]

1. e4 e6 2. d4 d5 3. exd5 exd5 4. c4 Nf6 5. Nc3 Be7 6. Bd3 dxc4 7. Bxc4 O-O 8.
Nge2 a6 9. O-O b5 10. Bb3 Bb7 11. Bg5 Nbd7 12. Rc1 c5 13. dxc5 Nxc5 14. Bxf6
Bxf6 15. Nd5 Rc8 16. Nxf6+ Qxf6 17. Nc3 Rfd8 18. Nd5 Qd6 19. Ne3 Qe5 20. Bd5
Bxd5 21. Rxc5 Rxc5 22. Re1 Rcc8 23. Ng4 Qf4 0-1

[Event "7. LGA Premium Cup"]
[Site "Nürnberg"]
[Date "2010.09.02"]
[Round "1.71"]
[White "Babichev, Vyacheslav"]
[Black "Nuber, Korbinian"]
[Result "0-1"]
[WhiteElo "1785"]
[BlackElo "2211"]
[PlyCount "66"]
[EventDate "2010.09.02"]
[WhiteTeam "SW Nürnberg Süd e.V."]
[BlackTeam "SC Dillingen"]

1. e4 Nf6 2. e5 Nd5 3. d4 d6 4. c4 Nb6 5. f4 dxe5 6. fxe5 Nc6 7. c5 Nd5 8. Bb5
Bf5 9. a3 e6 10. Nf3 Be7 11. O-O O-O 12. Nc3 Qd7 13. Bd2 a6 14. Ba4 f6 15. Nxd5
Qxd5 16. Bb3 Qd7 17. Bf4 Rad8 18. Ba4 Bg4 19. Be3 Bxf3 20. gxf3 fxe5 21. dxe5
Qxd1 22. Bxd1 Nxe5 23. Kg2 Nc4 24. Bf2 Nxb2 25. Bb3 Nd3 26. Bxe6+ Kh8 27. Be3
Bf6 28. Ba2 Bxa1 29. Rxa1 Rde8 30. Bd4 Ne1+ 31. Kh1 Nc2 32. Rd1 Nxd4 33. Rxd4
Re1+ 0-1

[Event "7. LGA Premium Cup"]
[Site "Nürnberg"]
[Date "2010.09.02"]
[Round "1.72"]
[White "Donchenko, Alexander"]
[Black "Rösch, Mario"]
[Result "1-0"]
[WhiteElo "2204"]
[BlackElo "1775"]
[PlyCount "87"]
[EventDate "2010.09.02"]
[WhiteTeam "SK 1858 Gießen"]
[BlackTeam "SK Freiburg Zähringen 1887 e.V."]

1. d4 Nf6 2. Nf3 g6 3. g3 Bg7 4. Bg2 d6 5. O-O O-O 6. b3 Nfd7 7. Bb2 Nc6 8. Qc1
e5 9. dxe5 Ncxe5 10. Nxe5 Nxe5 11. Rd1 Qe7 12. Nc3 Ng4 13. Qf4 Qf6 14. Qxf6
Nxf6 15. Nb5 Ne8 16. Bxg7 Kxg7 17. c4 a6 18. Nc3 Rb8 19. Rac1 Bd7 20. b4 Bc6
21. Bh3 Nf6 22. b5 Bd7 23. Bg2 Rfe8 24. e3 Be6 25. b6 c6 26. Rxd6 Bxc4 27. a4
Rbd8 28. Rcd1 Rxd6 29. Rxd6 Re7 30. a5 Rd7 31. Ne4 Kf8 32. Rxd7 Nxd7 33. Nd6
Bd5 34. Bxd5 cxd5 35. Nxb7 Ke7 36. Kf1 Nb8 37. Ke2 Kd7 38. Kd3 Kc6 39. Nd8+ Kb5
40. Kd4 Kxa5 41. Kc5 Nd7+ 42. Kc6 Nb8+ 43. Kc7 Kb5 44. b7 1-0

[Event "7. LGA Premium Cup"]
[Site "Nürnberg"]
[Date "2010.09.02"]
[Round "1.73"]
[White "Bauer, Andreas"]
[Black "Millikan, Erlend"]
[Result "1-0"]
[WhiteElo "2199"]
[BlackElo "1754"]
[PlyCount "81"]
[EventDate "2010.09.02"]
[WhiteTeam "SC Postbauer-Heng e.V"]
[BlackTeam "USA"]

1. Nf3 Nf6 2. g3 b6 3. Bg2 Bb7 4. c4 d6 5. d4 Nbd7 6. O-O e5 7. Nc3 Be7 8. d5
c5 9. e4 O-O 10. Nh4 Kh8 11. Nf5 a6 12. a4 g6 13. Nxe7 Qxe7 14. Bg5 Kg7 15. Qd2
Rg8 16. f4 h6 17. Bxh6+ Kxh6 18. fxe5+ Kg7 19. exf6+ Nxf6 20. Rf4 Raf8 21. Raf1
Nh5 22. R4f2 Bc8 23. Qd1 Kh7 24. Qb3 Qc7 25. Qd1 Qe7 26. Bf3 Ng7 27. Bg4 f5 28.
exf5 Bxf5 29. Bxf5 Nxf5 30. Re1 Qd8 31. Ne4 Re8 32. g4 Qh4 33. gxf5 Rxe4 34.
Rxe4 gxf5+ 35. Rg2 Rxg2+ 36. Kxg2 Qxe4+ 37. Qf3 Qc2+ 38. Kg3 Kg7 39. Qc3+ Qxc3+
40. bxc3 Kf6 41. Kf4 1-0

[Event "7. LGA Premium Cup"]
[Site "Nürnberg"]
[Date "2010.09.02"]
[Round "1.76"]
[White "Matuschek, Thomas"]
[Black "Hirschberg, Valerian"]
[Result "0-1"]
[WhiteElo "1763"]
[BlackElo "2137"]
[PlyCount "70"]
[EventDate "2010.09.02"]
[WhiteTeam "SG Siemens Amberg"]
[BlackTeam "SV Pfinztal e. V."]

1. Nf3 Nf6 2. b3 c5 3. Bb2 Nc6 4. e3 d5 5. d4 Bf5 6. a3 e6 7. Be2 Be7 8. Nbd2
O-O 9. O-O Qc7 10. c4 cxd4 11. Nxd4 Nxd4 12. Bxd4 e5 13. Bb2 Rfd8 14. Qc1 d4
15. exd4 exd4 16. Bf3 a5 17. Re1 Rac8 18. Ne4 Nxe4 19. Bxe4 Bxe4 20. Rxe4 Bf6
21. Qd2 a4 22. Rc1 axb3 23. Qb4 Qc6 24. Rce1 h6 25. Qxb3 Qxc4 26. Re8+ Rxe8 27.
Rxe8+ Kh7 28. Qxc4 Rxc4 29. Re1 Rc2 30. Bc1 Ra2 31. Kf1 Kg6 32. Rd1 Ra1 33. Ke2
Kf5 34. Kd3 Bg5 35. Kc2 Bxc1 0-1

[Event "7. LGA Premium Cup"]
[Site "Nürnberg"]
[Date "2010.09.02"]
[Round "1.78"]
[White "Eperjesi, Laszlo"]
[Black "Bayer, Rolf"]
[Result "1-0"]
[WhiteElo "2194"]
[BlackElo "1732"]
[PlyCount "69"]
[EventDate "2010.09.02"]
[WhiteTeam "Ungarn"]
[BlackTeam "SC Noris-Tarrasch Nürnberg 1873"]

1. d4 Nf6 2. c4 d5 3. cxd5 Nxd5 4. Nf3 e6 5. e4 Bb4+ 6. Bd2 Bxd2+ 7. Qxd2 Nb6
8. Nc3 O-O 9. Be2 c6 10. O-O N8d7 11. b4 a6 12. a4 Nf6 13. a5 Nbd7 14. Qf4 Qe7
15. Rab1 Re8 16. Rfd1 e5 17. dxe5 Nxe5 18. Nxe5 Qxe5 19. Qxe5 Rxe5 20. f4 Re8
21. e5 Nd7 22. Ne4 Nf8 23. Nd6 Re7 24. Rd2 g6 25. g4 Kg7 26. Rf1 h6 27. Ne4 Rb8
28. f5 gxf5 29. gxf5 Rd7 30. Nd6 Kg8 31. Bc4 Re7 32. Rg2+ Kh8 33. Nxf7+ Kh7 34.
Nd6 Rg7 35. e6 1-0

[Event "7. LGA Premium Cup"]
[Site "Nürnberg"]
[Date "2010.09.02"]
[Round "1.79"]
[White "Reichel, Günther"]
[Black "Schatz, Christian"]
[Result "0-1"]
[WhiteElo "1731"]
[BlackElo "2189"]
[PlyCount "86"]
[EventDate "2010.09.02"]
[WhiteTeam "SC-SF 1957 Stockstadt"]
[BlackTeam "Schachzentrum Fürth 2002"]

1. f4 Nf6 2. Nf3 g6 3. b3 Bg7 4. Bb2 O-O 5. c4 d6 6. e3 Nbd7 7. Be2 e5 8. fxe5
Ng4 9. O-O Ndxe5 10. Nxe5 Nxe5 11. Nc3 c6 12. d4 Nd7 13. Qe1 Qe7 14. Nd1 Nf6
15. Bd3 Re8 16. Qg3 Nh5 17. Qf3 f5 18. Re1 Bd7 19. Rc1 Qg5 20. Rc2 Re7 21. Rce2
Rae8 22. Ba3 Re6 23. d5 cxd5 24. cxd5 Rf6 25. Nf2 Bf8 26. Bc1 Qh4 27. Rc2 Rf7
28. Bd2 Qd8 29. Rec1 Qb6 30. Rc4 a5 31. Qd1 Bh6 32. Qc2 Bxe3 33. Bxe3 Qxe3 34.
Rc7 Nf4 35. Bf1 b5 36. Rc3 Qb6 37. Qd2 Nh5 38. Be2 Nf6 39. Bf3 Ne4 40. Bxe4
fxe4 41. Re1 Ref8 42. Re2 Bg4 43. Rc6 Qa7 0-1

[Event "7. LGA Premium Cup"]
[Site "Nürnberg"]
[Date "2010.09.02"]
[Round "1.80"]
[White "Meulner, Klaus"]
[Black "Krawczyk, Harald"]
[Result "1-0"]
[WhiteElo "2188"]
[BlackElo "1723"]
[PlyCount "65"]
[EventDate "2010.09.02"]
[WhiteTeam "SW Nürnberg Süd e.V."]
[BlackTeam "SV Rot-Weiß Neuenhagen"]

1. Nf3 Nf6 2. c4 c5 3. d4 e6 4. d5 d6 5. Nc3 Be7 6. e4 exd5 7. cxd5 O-O 8. Be2
Nbd7 9. O-O a6 10. a4 Re8 11. Nd2 Ne5 12. f4 Ng6 13. a5 Qc7 14. Nc4 Nd7 15. e5
b5 16. axb6 Nxb6 17. e6 Nxc4 18. Bxc4 fxe6 19. dxe6 Bb7 20. Qh5 Qb6 21. Ra3
Rad8 22. Rb3 Qa7 23. Nd5 Bxd5 24. Qxd5 Rb8 25. Rff3 Rxb3 26. Rxb3 Rb8 27. Rxb8+
Qxb8 28. Bxa6 Qb4 29. Qd2 Qe4 30. Bd3 Qd4+ 31. Qe3 Nxf4 32. Qxd4 cxd4 33. Bxf4
1-0

[Event "7. LGA Premium Cup"]
[Site "Nürnberg"]
[Date "2010.09.02"]
[Round "1.81"]
[White "Bilchinski, Anton"]
[Black "Rausch, Wolfgang"]
[Result "0-1"]
[WhiteElo "1713"]
[BlackElo "1794"]
[PlyCount "72"]
[EventDate "2010.09.02"]
[WhiteTeam "SK 1908 Göggingen"]
[BlackTeam "VSG 1880 Offenbach"]

1. d4 Nf6 2. c4 e6 3. Nc3 d5 4. Bg5 c6 5. e3 Nbd7 6. Qc2 Bd6 7. cxd5 exd5 8.
Nf3 O-O 9. Bd3 h6 10. Bh4 Re8 11. O-O Nf8 12. Rab1 Qe7 13. a3 a5 14. Na4 Bg4
15. Nd2 Bh5 16. Rfc1 Bg6 17. Bf5 Bxf5 18. Qxf5 N8d7 19. Nb3 Qe4 20. Qxe4 Nxe4
21. Nac5 Bxc5 22. Nxc5 Ndxc5 23. dxc5 Nd2 24. Ra1 Nb3 25. Rab1 Nxc1 26. Rxc1
Re4 27. Bg3 Rae8 28. Kf1 g5 29. b3 f5 30. Bd6 R8e6 31. Bc7 a4 32. b4 d4 33.
exd4 Rxd4 34. Ba5 Rd3 35. Ra1 Kf7 36. f3 Ree3 0-1

[Event "7. LGA Premium Cup"]
[Site "Nürnberg"]
[Date "2010.09.02"]
[Round "1.82"]
[White "Schütze, Norman"]
[Black "Hirschberg, Leander"]
[Result "1-0"]
[WhiteElo "2181"]
[BlackElo "1705"]
[PlyCount "81"]
[EventDate "2010.09.02"]
[WhiteTeam "SG 1871 Löberitz"]
[BlackTeam "SV Pfinztal e. V."]

1. e4 c5 2. Nf3 Nc6 3. d4 cxd4 4. Nxd4 Nf6 5. Nc3 e5 6. Ndb5 d6 7. Bg5 a6 8.
Na3 b5 9. Bxf6 gxf6 10. Nd5 Bg7 11. c3 O-O 12. Nc2 f5 13. exf5 Bxf5 14. Nce3
Bg6 15. a4 bxa4 16. h4 h6 17. h5 Bh7 18. Rxa4 a5 19. Bd3 f5 20. Bc2 Rb8 21. g4
f4 22. Bxh7+ Kxh7 23. Qc2+ Kh8 24. Nf5 Rb7 25. Rc4 Nb8 26. O-O Rd7 27. Kg2 Na6
28. Kh3 Nc5 29. Nh4 Rff7 30. Qg6 Qg5 31. b4 axb4 32. cxb4 Nb7 33. Ra1 Qxg6 34.
hxg6 Rf8 35. Ra7 Rb8 36. Nf5 Nc5 37. Rxd7 Nxd7 38. Rc7 Rd8 39. f3 Bf6 40. Rxd7
Rxd7 41. Nxf6 1-0

[Event "7. LGA Premium Cup"]
[Site "Nürnberg"]
[Date "2010.09.02"]
[Round "1.83"]
[White "Weissbeck, Wolf-Dieter"]
[Black "Seibold, Hubert"]
[Result "0-1"]
[WhiteElo "1708"]
[BlackElo "2180"]
[PlyCount "71"]
[EventDate "2010.09.02"]
[WhiteTeam "SV Alsfeld"]
[BlackTeam "SK Zirndorf e.V."]

1. e4 c5 2. Nf3 Nc6 3. g3 g6 4. Bg2 Bg7 5. O-O Nf6 6. Re1 O-O 7. c3 Qb6 8. Na3
d5 9. exd5 Nxd5 10. Nc4 Qc7 11. Ne3 Nxe3 12. dxe3 h6 13. Qb3 b6 14. Rd1 Bg4 15.
h3 Be6 16. Qc2 Rad8 17. Bd2 Rd7 18. Be1 Rfd8 19. Rxd7 Qxd7 20. Kh2 Bc4 21. Nd2
Bd3 22. Qa4 b5 23. Qg4 Bf5 24. Bxc6 Qxc6 25. Qf3 Qd7 26. Qg2 h5 27. e4 Be6 28.
f4 Qd3 29. Qf1 b4 30. Qxd3 Rxd3 31. e5 bxc3 32. bxc3 Rxc3 33. Nb3 Rc2+ 34. Kg1
f6 35. Bf2 fxe5 36. fxe5 0-1

[Event "7. LGA Premium Cup"]
[Site "Nürnberg"]
[Date "2010.09.02"]
[Round "1.85"]
[White "Münzenberg, Dietrich"]
[Black "Mons, Leon"]
[Result "0-1"]
[WhiteElo "1604"]
[BlackElo "2178"]
[PlyCount "44"]
[EventDate "2010.09.02"]
[WhiteTeam "Spvg Zabo-Eintracht Nürnberg e.V"]
[BlackTeam "SC Forchheim e.V."]

1. d4 Nf6 2. Bg5 e6 3. e4 h6 4. Bxf6 Qxf6 5. Nf3 d6 6. Nbd2 g6 7. c3 Bg7 8. Bd3
O-O 9. O-O e5 10. Rc1 Nd7 11. Re1 Re8 12. Qa4 c6 13. Nf1 Nf8 14. h3 Bxh3 15.
dxe5 dxe5 16. gxh3 Qxf3 17. Re3 Qf6 18. Nh2 Ne6 19. Qb3 h5 20. Qxb7 Nc5 21. Qc7
Nxd3 22. Rxd3 Qg5+ 0-1

[Event "7. LGA Premium Cup"]
[Site "Nürnberg"]
[Date "2010.09.02"]
[Round "1.86"]
[White "Schönberger, Peter"]
[Black "Kurz, Leonhard"]
[Result "1-0"]
[WhiteElo "2174"]
[BlackElo "1599"]
[PlyCount "45"]
[EventDate "2010.09.02"]
[WhiteTeam "Caissa Schwarmstedt"]
[BlackTeam "SK Nürnberg 1911 e.V."]

1. e4 c5 2. c3 d5 3. exd5 Qxd5 4. d4 e5 5. dxe5 Qxe5+ 6. Be3 Nf6 7. Nf3 Qc7 8.
Na3 a6 9. Qa4+ Bd7 10. Bb5 Be7 11. O-O-O O-O 12. Bxd7 Nbxd7 13. Bf4 b5 14. Bxc7
bxa4 15. g4 Ra7 16. Rhe1 Bd8 17. Bxd8 Rxd8 18. g5 Ng4 19. Rd2 f6 20. h3 Nge5
21. Nxe5 fxe5 22. Red1 Kf8 23. Nc4 1-0

[Event "7. LGA Premium Cup"]
[Site "Nürnberg"]
[Date "2010.09.02"]
[Round "1.88"]
[White "Klek, Hanna-Marie"]
[Black "Beesk, Kevin"]
[Result "1-0"]
[WhiteElo "2169"]
[BlackElo "1547"]
[PlyCount "115"]
[EventDate "2010.09.02"]
[WhiteTeam "SC Erlangen 48/88"]
[BlackTeam "SK Neumarkt e.V."]

1. e4 e5 2. Nf3 Nc6 3. Bc4 Bc5 4. O-O d6 5. d3 Nf6 6. c3 Qe7 7. Be3 Bxe3 8.
fxe3 O-O 9. Qe1 Na5 10. Bb5 Bd7 11. Bxd7 Qxd7 12. Nh4 Nc6 13. Nd2 Ne7 14. Qg3
Qg4 15. Qf2 Qd7 16. d4 Qe6 17. Nf5 Nxf5 18. exf5 Qe7 19. Rae1 exd4 20. exd4 Qd7
21. Ne4 Nxe4 22. Rxe4 f6 23. d5 a6 24. Rfe1 Rfe8 25. Re6 Kf8 26. Qh4 Kg8 27.
Qh5 Rxe6 28. dxe6 Qe7 29. c4 b5 30. Qf3 Rb8 31. b3 bxc4 32. bxc4 g6 33. g4 Kg7
34. Qc6 Rb6 35. Qa4 Kg8 36. Kh1 Kg7 37. Rd1 c5 38. Re1 Kg8 39. Qd7 Kf8 40. Qc8+
Kg7 41. Re2 Rb1+ 42. Kg2 Rb6 43. Kf3 a5 44. Qa8 Rb4 45. Re4 a4 46. Qc6 Rb2 47.
Qxa4 Rxh2 48. Qd7 Kf8 49. Qc8+ Kg7 50. Qa8 g5 51. Kg3 Rh4 52. Re3 h5 53. gxh5
Rxh5 54. Ra3 Rh8 55. Qc6 Rd8 56. Rb3 Qe8 57. Rb7+ Kg8 58. Qh1 1-0

[Event "7. LGA Premium Cup"]
[Site "Nürnberg"]
[Date "2010.09.02"]
[Round "1.89"]
[White "Dreiseitel, Ursula"]
[Black "Göbel, Constantin"]
[Result "0-1"]
[WhiteElo "1533"]
[BlackElo "2114"]
[PlyCount "60"]
[EventDate "2010.09.02"]
[WhiteTeam "SC Noris-Tarrasch Nürnberg 1873"]
[BlackTeam "TSV Schott Mainz"]

1. d4 e6 2. c4 Nf6 3. Nc3 Bb4 4. Bd2 O-O 5. Nf3 d5 6. cxd5 exd5 7. a3 Be7 8.
Bg5 Bf5 9. e3 c6 10. Be2 Nbd7 11. O-O h6 12. Bh4 Re8 13. Rc1 Bg6 14. Nd2 Bh7
15. f3 Nb6 16. e4 dxe4 17. Ndxe4 Nxe4 18. Bxe7 Nxc3 19. Bxd8 Nxd1 20. Bxb6 Rxe2
21. Rfxd1 axb6 22. d5 cxd5 23. Rxd5 Rxb2 24. Rcd1 Bg6 25. Rd7 Rxa3 26. Rxb7
Raa2 27. Re7 Rxg2+ 28. Kf1 Rxh2 29. Kg1 Rad2 30. Rde1 Rdg2+ 0-1

[Event "7. LGA Premium Cup"]
[Site "Nürnberg"]
[Date "2010.09.02"]
[Round "1.91"]
[White "Dreiseitel, Werner"]
[Black "Stein, Marco"]
[Result "0-1"]
[WhiteElo "1487"]
[BlackElo "2156"]
[PlyCount "76"]
[EventDate "2010.09.02"]
[WhiteTeam "SC Noris-Tarrasch Nürnberg 1873"]
[BlackTeam "SV Alsfeld"]

1. d4 Nf6 2. c4 g6 3. Nc3 d5 4. Nf3 Bg7 5. e3 O-O 6. Bd3 c6 7. Qc2 dxc4 8. Bxc4
Nbd7 9. a3 Qc7 10. b4 e5 11. Bb2 exd4 12. Nxd4 Ne5 13. Be2 a5 14. O-O axb4 15.
axb4 Rxa1 16. Rxa1 Neg4 17. g3 Qe7 18. Ba3 Nxe3 19. Qd2 Nf5 20. Nxf5 Bxf5 21.
b5 c5 22. Bb2 Rd8 23. Qe1 Re8 24. Qc1 h5 25. Bf3 h4 26. Nd5 Nxd5 27. Bxg7 Kxg7
28. Bxd5 h3 29. Qb2+ Kg8 30. f4 Rd8 31. Bf3 c4 32. Qf2 c3 33. Re1 Qc7 34. Bd1
c2 35. Bxc2 Qxc2 36. Re2 Rd1+ 37. Re1 Rxe1+ 38. Qxe1 Qg2# 0-1

[Event "7. LGA Premium Cup"]
[Site "Nürnberg"]
[Date "2010.09.02"]
[Round "1.92"]
[White "Zeug, Klaus-Peter"]
[Black "Finster, Michael"]
[Result "0-1"]
[WhiteElo "1440"]
[BlackElo "2153"]
[PlyCount "40"]
[EventDate "2010.09.02"]
[WhiteTeam "SK Nürnberg 1911 e.V."]
[BlackTeam "SW Nürnberg Süd e.V."]

1. e4 e5 2. Nf3 Nc6 3. Bc4 Nf6 4. d4 exd4 5. e5 d5 6. Bb5 Ne4 7. Nxd4 Bd7 8.
Nxc6 bxc6 9. Bd3 Qh4 10. Be3 Nc5 11. O-O Be7 12. c3 Nxd3 13. Qxd3 O-O 14. Nd2
f6 15. Nf3 Qh5 16. exf6 Rxf6 17. Rfe1 Bd6 18. Bd4 Rxf3 19. Qxf3 Bg4 20. Qd3
Qxh2+ 0-1

[Event "7. LGA Premium Cup"]
[Site "Nürnberg"]
[Date "2010.09.02"]
[Round "1.93"]
[White "Demel, Paul"]
[Black "Ratscheu, Stefan"]
[Result "1-0"]
[WhiteElo "2152"]
[BlackElo "1307"]
[PlyCount "37"]
[EventDate "2010.09.02"]
[WhiteTeam "SK Kriegshaber"]
[BlackTeam "SC Postbauer-Heng e.V"]

1. e4 c5 2. Nf3 e6 3. d4 d5 4. exd5 Qxd5 5. Nc3 Qd8 6. Bb5+ Bd7 7. dxc5 Bxc5 8.
O-O Nf6 9. Ne5 O-O 10. Nxd7 Nbxd7 11. Bg5 Be7 12. Qe2 Qc7 13. Rad1 Rad8 14. Ne4
h6 15. Bh4 Rfe8 16. Nxf6+ Bxf6 17. Bxf6 gxf6 18. Rd3 Kh8 19. Qh5 1-0